[Event "TIPC 2005"]
[Site "Charleroi"]
[Date "2005.08.01"]
[Round "4"]
[White "Wattin J"]
[Black "Desinte D"]
[Result "1/2-1/2"]
[WhiteElo "1660"]
[BlackElo "1882"]
[PlyCount "27"]

1. e4 e6 2. d3 b6 3. Nd2 Bb7 4. g3 f5 5. Bg2 Nf6
6. Qe2 Be7 7. Ngf3 fxe4 8. Nxe4 Nxe4 9. Ne5 O-O 10. Bxe4 Bxe4 11. Qxe4 Na6 12.
Bd2 Bf6 13. d4 c5 14. Bc3 {La suite de la partie est incohérente.} 1/2-1/2

[Event "TIPC 2005"]
[Site "Charleroi"]
[Date "2005.08.01"]
[Round "4"]
[White "Tannemaat S"]
[Black "Van Uytven E"]
[Result "0-1"]
[WhiteElo "1956"]
[BlackElo "2199"]
[PlyCount "50"]

1. e4 c5 2. Nf3 e6 3. d4 cxd4 4. Nxd4 Nc6 5. Be2
Qc7 6. O-O Nf6 7. Nc3 a6 8. Kh1 Nxd4 9. Qxd4 Bc5 10. Qd1 b5 11. Bg5 Bb7 12. Bf3
Bd6 13. Re1 Be5 14. Bxf6 gxf6 15. a3 Rc8 16. Re3 Qc5 17. Rd3 Qxf2 18. Bh5 Rg8
19. Bxf7+ Kxf7 20. Qh5+ Kf8 21. Qh6+ Rg7 22. Rg1 Qf4 23. Qh5 Bxe4 24. Nxe4 Qxe4
25. Rf3 Rxc2 0-1

[Event "TIPC 2005"]
[Site "Charleroi"]
[Date "2005.08.01"]
[Round "4"]
[White "Scoriels M"]
[Black "Versailles M"]
[Result "1-0"]
[WhiteElo "2031"]
[BlackElo "1759"]
[PlyCount "28"]

1. e4 e5 2. Nf3 Nc6 3. d4 exd4 4. Nxd4 Nxd4 5.
Qxd4 d6 6. Nc3 Be6 7. Be2 Nf6 8. O-O g6 9. Bg5 Bg7 10. Qb4 Qc8 11. f4 O-O 12.
f5 gxf5 13. exf5 Bxf5 14. Qf4 Bg4 1-0

[Event "TIPC 2005"]
[Site "Charleroi"]
[Date "2005.08.01"]
[Round "4"]
[White "Pitropakis A"]
[Black "Vanderzwalmen M"]
[Result "1-0"]
[WhiteElo "1801"]
[BlackElo "1574"]
[PlyCount "53"]

1. Nc3 g6 2. d4 Bg7 3. e4 d6 4. Be3 Nf6 5. f3
O-O 6. Qd2 Nbd7 7. O-O-O e5 8. Nge2 a6 9. g4 b5 10. d5 Nb6 11. Ng3 Qd7 12. h4
b4 13. Nb1 a5 14. b3 Ba6 15. h5 gxh5 16. g5 Ng4 17. fxg4 Qxg4 18. Qh2 f6 19.
Bxa6 Rxa6 20. Rdf1 fxg5 21. Rxf8+ Bxf8 22. Nxh5 Kf7 23. Qf2+ Ke7 24. Qf6+ Ke8
25. Bxg5 Ra8 26. Ng7+ Bxg7 27. Qe7# 1-0

[Event "TIPC 2005"]
[Site "Charleroi"]
[Date "2005.08.01"]
[Round "4"]
[White "Perez Garcia R"]
[Black "Henris L"]
[Result "1/2-1/2"]
[WhiteElo "2442"]
[BlackElo "2308"]
[PlyCount "53"]

1. e4 e5 2. Bc4 Nf6 3. d3 Nc6 4. Nf3 Bc5 5. c3
d6 6. Bb3 a6 7. O-O Ba7 8. Nbd2 Ne7 9. Re1 Ng6 10. Nf1 O-O 11. h3 c6 12. Ng3 h6
13. d4 Qc7 14. Be3 Re8 15. Bc2 Be6 16. Qd2 Kh7 17. Nf5 Bxf5 18. exf5 Nf8 19.
dxe5 Bxe3 20. Qxe3 dxe5 21. Nxe5 N6d7 22. Nxd7 Rxe3 23. Nxf8+ Rxf8 24. Rxe3 Kg8
25. Rae1 Qd6 26. Rd1 Qc7 27. Rde1 1/2-1/2

[Event "TIPC 2005"]
[Site "Charleroi"]
[Date "2005.08.01"]
[Round "4"]
[White "Peeters S"]
[Black "Mailleux G"]
[Result "1/2-1/2"]
[WhiteElo "1649"]
[BlackElo "1762"]
[PlyCount "30"]

1. d4 d5 2. Nf3 Nf6 3. c4 e6 4. Bg5 Be7 5. Nc3
O-O 6. e3 c6 7. Be2 Nbd7 8. O-O b6 9. Rc1 Bb7 10. h3 c5 11. cxd5 Nxd5 12. Bxe7
Nxe7 13. dxc5 Nxc5 14. b4 Nd7 15. Nb5 Nd5 {(=)} 1/2-1/2

[Event "TIPC 2005"]
[Site "Charleroi"]
[Date "2005.08.02"]
[Round "5"]
[White "Karpatchev A"]
[Black "Dal Borgo A"]
[Result "1-0"]
[WhiteElo "2487"]
[BlackElo "2196"]
[PlyCount "53"]

1. e4 c5 2. Nf3 e6 3. c3 Nf6 4. e5 Nd5 5. d4
cxd4 6. cxd4 d6 7. Bc4 Nb6 8. Bd3 Bd7 9. Nc3 Bc6 10. O-O N8d7 11. Qe2 Be7 12.
Bf4 dxe5 13. dxe5 Nd5 14. Nxd5 Bxd5 15. Rad1 O-O 16. Bb1 Nb6 17. Qd3 g6 18. Bh6
Re8 19. Qe3 Nd7 20. Ng5 Bf8 21. Bxf8 Rxf8 22. Rd4 h6 23. Nh3 Kg7 24. Nf4 Nb6
25. h4 Qe7 26. Qg3 Rg8 27. Nxg6 1-0

[Event "TIPC 2005"]
[Site "Charleroi"]
[Date "2005.08.03"]
[Round "5"]
[White "Dgebuadze Alexandre"]
[Black "Antic Dejan"]
[Result "1/2-1/2"]
[WhiteElo "2546"]
[BlackElo "2512"]
[PlyCount "41"]

1. d4 Nf6 2. Nf3 g6 3. Bf4 Bg7 4. e3 d6 5. h3
O-O 6. Nbd2 c5 7. c3 b6 8. Bc4 Bb7 9. O-O Nbd7 10. Re1 a6 11. a4 Bc6 12. Qe2 b5
13. axb5 axb5 14. Bxb5 Bxb5 15. Qxb5 Rb8 16. Qd3 Rxb2 17. Nc4 Rb8 18. e4 cxd4
19. cxd4 Ra8 20. Rxa8 Qxa8 21. Bg5 1/2-1/2

[Event "TIPC 2005"]
[Site "Charleroi"]
[Date "2005.08.03"]
[Round "5"]
[White "Chatalbashev Boris"]
[Black "Gouliev Namig"]
[Result "1/2-1/2"]
[WhiteElo "2499"]
[BlackElo "2555"]
[PlyCount "91"]

1. d4 d5 2. c4 dxc4 3. Nf3 e6 4. e3 c5 5. Bxc4
Nf6 6. Qe2 cxd4 7. exd4 Bb4+ 8. Nc3 O-O 9. O-O b6 10. Bf4 Bb7 11. Rac1 Bxc3 12.
bxc3 Nbd7 13. Bd3 Re8 14. Rfd1 Qe7 15. Ne5 Nxe5 16. Bxe5 Nd7 17. Bg3 Rac8 18.
Bb5 Bc6 19. a4 e5 20. Bxc6 Rxc6 21. dxe5 Rec8 22. f4 Nf8 23. f5 Qa3 24. Qa6 Qb3
25. Qxa7 Rxc3 26. Rb1 Qc2 27. e6 Qxf5 28. Qxf7+ Qxf7 29. exf7+ Kxf7 30. Rf1+
Kg8 31. Rxb6 Ra3 32. Ra6 Ra2 33. a5 h5 34. Ra7 Ne6 35. Re1 Nd4 36. Be5 Nf5 37.
Rc7 Re8 38. Bc3 Rxe1+ 39. Bxe1 Ne3 40. Re7 Nxg2 41. Bg3 h4 42. Bc7 h3 43. Kf1
Kh7 44. Re6 g5 45. a6 Nf4 46. Bxf4 1/2-1/2

[Event "TIPC 2005"]
[Site "Charleroi"]
[Date "2005.08.02"]
[Round "5"]
[White "Vandevoort P"]
[Black "Perez Garcia R"]
[Result "1/2-1/2"]
[WhiteElo "2414"]
[BlackElo "2442"]
[PlyCount "31"]

1. d4 d5 2. Bf4 c6 3. e3 Bf5 4. c4 Qb6 5. Qb3 e6
6. Nc3 dxc4 7. Bxc4 Nf6 8. Nge2 Nbd7 9. O-O Be7 10. Rfd1 O-O 11. Ng3 Bg6 12. e4
Bb4 13. Na4 Qa5 14. a3 Be7 15. Bd2 Qc7 16. Nc3 1/2-1/2

[Event "TIPC 2005"]
[Site "Charleroi"]
[Date "2005.08.02"]
[Round "5"]
[White "Di Cosmo J"]
[Black "Russo J"]
[Result "1/2-1/2"]
[WhiteElo "1945"]
[BlackElo "1987"]
[PlyCount "74"]

1. d4 d5 2. c4 c6 3. Nf3 Nf6 4. Nc3 e6 5. e3
Nbd7 6. Bd3 dxc4 7. Bxc4 b5 8. Bd3 Bb7 9. O-O a6 10. e4 c5 11. Qe2 Be7 12. Rd1
Qc7 13. e5 Nd5 14. Nxd5 Bxd5 15. Be4 Nb6 16. Bg5 Bxg5 17. Nxg5 c4 18. Bxd5 Nxd5
19. Qd2 O-O 20. Ne4 f6 21. exf6 Nxf6 22. Nxf6+ Rxf6 23. d5 Rd8 24. d6 Qd7 25.
Qa5 e5 26. Qxa6 Rxd6 27. Rxd6 Qxd6 28. Qxd6 Rxd6 29. Kf1 Rd2 30. b3 c3 31. Ke1
Rb2 32. a4 c2 33. Rc1 Rxb3 34. axb5 Rxb5 35. Rxc2 Rb1+ 36. Ke2 Kf7 37. Ke3 Rb4
1/2-1/2

[Event "TIPC 2005"]
[Site "Charleroi"]
[Date "2005.08.02"]
[Round "5"]
[White "Krasucki Y"]
[Black "Miceli G"]
[Result "0-1"]
[WhiteElo "1953"]
[BlackElo "1837"]
[PlyCount "63"]

1. e4 c5 2. Nc3 Nc6 3. g3 g6 4. Bg2 Bg7 5. Nge2
e6 6. d3 Nge7 7. Be3 Nd4 8. Qd2 O-O 9. O-O Rb8 10. Nd1 Nxe2+ 11. Qxe2 b6 12.
Qd2 d5 13. Bh6 dxe4 14. Bxg7 Kxg7 15. Qc3+ Qd4 16. dxe4 Ba6 17. Re1 Qxc3 18.
Nxc3 Rfd8 19. Rad1 Nc6 20. Rxd8 {(=)} Rxd8 21. Rd1 Rxd1+ 22. Nxd1 Nb4 23. Ne3
Nxa2 24. c3 Nc1 25. f4 h5 26. f5 Kf6 27. fxe6 Kxe6 28. Nd5 {(=)} Kd6 29. b4
cxb4 30. Nxb4 Bb5 31. c4 Bxc4 32. Nc6 0-1

[Event "TIPC 2005"]
[Site "Charleroi"]
[Date "2005.08.02"]
[Round "5"]
[White "Majewski P"]
[Black "Cuypers T"]
[Result "1-0"]
[WhiteElo "1799"]
[BlackElo "1565"]
[PlyCount "67"]

1. e4 g6 2. d4 d6 3. c4 Bg7 4. Nc3 Nc6 5. Be3
Nf6 6. Be2 O-O 7. f4 Bd7 8. Qd2 Ng4 9. Bxg4 Bxg4 10. d5 Na5 11. Qd3 b6 12. h3
Bd7 13. Nf3 Nb7 14. O-O c6 15. b4 a5 16. a3 Qc7 17. Bd4 c5 {(=)} 18. Bxg7 Kxg7
19. b5 Rae8 20. e5 e6 21. Ne4 exd5 22. Nf6 Re7 23. Nxd5 Qd8 24. Nxe7 Qxe7 25.
Rad1 Bf5 26. Qc3 Kg8 27. Rfe1 Qc7 28. g4 Bc8 29. Ng5 f6 30. exf6 Nd8 31. Re7
Qb8 32. Rg7+ Kh8 33. Rxh7+ Kg8 34. Rh8+ 1-0

[Event "TIPC 2005"]
[Site "Charleroi"]
[Date "2005.08.02"]
[Round "5"]
[White "Coibion C"]
[Black "Pacolet F"]
[Result "0-1"]
[WhiteElo "1652"]
[BlackElo "1920"]
[PlyCount "82"]

1. e4 e5 2. Nf3 Nc6 3. Bb5 a6 4. Ba4 Nf6 5. O-O
Be7 6. Re1 b5 7. Bb3 d6 8. c3 O-O 9. h3 Bb7 10. d4 Re8 11. Nbd2 Bf8 12. Bc2 Nb8
13. a4 Nbd7 14. d5 c6 15. dxc6 Bxc6 16. Nf1 Nc5 17. axb5 axb5 18. Bg5 Ne6 19.
Bd2 h6 20. Qe2 Nf4 21. Bxf4 exf4 22. N1d2 Rxa1 23. Rxa1 Nxe4 24. Bxe4 d5 25.
Nd4 Bd7 26. Qf3 dxe4 27. Nxe4 Qc7 28. Qd3 Qb6 29. Rd1 Qg6 30. f3 Bxh3 31. Rd2
f5 32. Nxf5 Bxf5 33. Qxb5 Bxe4 34. fxe4 Qxe4 35. Qd5+ Kh8 36. Qxe4 Rxe4 37. b4
Re3 38. Rd8 Kg8 39. c4 Kf7 40. b5 Bc5 41. Rd5 Re5+ 0-1

[Event "TIPC 2005"]
[Site "Charleroi"]
[Date "2005.08.02"]
[Round "5"]
[White "Kocur M"]
[Black "Vandenbruaene A"]
[Result "1-0"]
[WhiteElo "1842"]
[BlackElo "1641"]
[PlyCount "47"]

1. e4 b6 2. Bc4 Bb7 3. d3 Nf6 4. Nc3 e6 5. Bg5
Be7 6. Qf3 Nc6 7. Qh3 Ne5 8. Bb3 O-O 9. O-O-O d5 10. f4 Ned7 11. Nf3 Nc5 12.
Rhg1 Nxb3+ 13. axb3 Ne8 14. Rde1 Bxg5 15. Nxg5 h6 16. Nf3 d4 17. Ne2 c5 18. Ne5
Nf6 19. g4 Nd7 20. Nf3 f5 21. gxf5 exf5 22. Qxh6 Qf6 23. Rg6 Qe7 24. Reg1 1-0

[Event "TIPC 2005"]
[Site "Charleroi"]
[Date "2005.08.02"]
[Round "5"]
[White "Mattheys E"]
[Black "Glibert S"]
[Result "1-0"]
[WhiteElo "1900"]
[BlackElo "1827"]
[PlyCount "25"]

1. d4 Nf6 2. c4 e5 3. dxe5 Ng4 4. Bf4 Nc6 5. Nf3
Bb4+ 6. Nc3 f6 7. exf6 Qxf6 8. Qd2 d6 9. e3 O-O 10. Be2 Nxf2 11. Kxf2 g5 12.
Qd5+ Be6 13. Qxg5+ 1-0

[Event "TIPC 2005"]
[Site "Charleroi"]
[Date "2005.08.02"]
[Round "5"]
[White "Charlier B"]
[Black "Burnay G"]
[Result "1-0"]
[WhiteElo "1609"]
[BlackElo "1941"]
[PlyCount "71"]

1. d4 Nf6 2. c4 g6 3. Nf3 Bg7 4. g3 d6 5. Bg2
O-O 6. O-O Nbd7 7. Nc3 c6 8. Qc2 e5 9. Rd1 Qc7 10. e4 exd4 11. Nxd4 Ne5 12. b3
Bg4 13. f3 Be6 14. Ba3 Rad8 15. Nce2 Bc8 16. Nf4 Qb6 17. Bxd6 Rfe8 18. c5 Qa5
19. a3 Rxd6 20. cxd6 Qb6 21. b4 Nfd7 22. Qf2 Nc4 23. Kh1 Nxd6 24. Ra2 Nc4 25.
Bf1 Nce5 26. Nb3 Qc7 27. Kg2 b6 28. Rc2 Nf6 29. Nd5 Nxd5 30. exd5 Bf5 31. Rcc1
Bh6 32. Rc3 Nxf3 33. Rxc6 Qd7 34. Bb5 Qe7 35. Nd4 Nxd4 36. Rxd4 1-0

[Event "TIPC 2005"]
[Site "Charleroi"]
[Date "2005.08.02"]
[Round "5"]
[White "Marchiano M"]
[Black "Peeters S"]
[Result "1/2-1/2"]
[WhiteElo "1512"]
[BlackElo "1649"]
[PlyCount "36"]

1. e4 e5 2. Nf3 Nc6 3. Bc4 Nf6 4. d3 Be7 5. Nc3
d6 6. a3 O-O 7. Be3 Be6 8. Nd5 Na5 9. Nxf6+ Bxf6 10. Bxe6 fxe6 11. Qd2 c5 12.
O-O Nc6 13. b4 b6 14. bxc5 bxc5 15. c4 Rb8 16. Rfb1 Qd7 17. Qc2 Rb6 18. Rxb6
axb6 1/2-1/2

[Event "TIPC 2005"]
[Site "Charleroi"]
[Date "2005.08.02"]
[Round "5"]
[White "Lalau A"]
[Black "Bolzoni V-A"]
[Result "0-1"]
[WhiteElo "2019"]
[BlackElo "2210"]
[PlyCount "58"]

1. e4 c5 2. Nf3 Qa5 3. Nc3 Nc6 4. g3 g6 5. d3
Bg7 6. Bd2 Qd8 7. Bg2 Nf6 8. O-O O-O 9. Be3 d6 10. h3 Nd7 11. Qd2 Nd4 12. Nd1
Nxf3+ 13. Bxf3 Ne5 14. Bg2 Bxh3 15. f4 Bxg2 16. Kxg2 Ng4 17. f5 d5 18. Qe2
Nxe3+ 19. Nxe3 dxe4 20. dxe4 e6 21. c3 exf5 22. exf5 Qe7 23. Qf3 Rfe8 24. Nd5
Qe2+ 25. Qxe2 Rxe2+ 26. Rf2 Rxf2+ 27. Kxf2 Rd8 28. Rd1 Bd4+ 29. cxd4 Rxd5 0-1

[Event "TIPC 2005"]
[Site "Charleroi"]
[Date "2005.08.02"]
[Round "5"]
[White "Burel G"]
[Black "Reyskens J"]
[Result "0-1"]
[WhiteElo "1490"]
[BlackElo "1791"]
[PlyCount "54"]

1. d4 d5 2. e3 Bf5 3. Nc3 c6 4. Nf3 Nf6 5. Bd3
Bg4 6. h3 Bh5 7. g4 Bg6 8. Qe2 e6 9. a3 Ne4 10. Bd2 Nd7 11. Bxe4 dxe4 12. Nh2
Be7 13. O-O-O b5 14. Na2 a5 15. f3 Nb6 16. fxe4 Bxe4 17. Rhf1 b4 18. Qe1 bxa3
19. Bxa5 axb2+ 20. Kb1 Qd5 21. Rf4 f5 22. Qc3 Qxa5 23. Qxa5 Rxa5 24. Kxb2 O-O
25. gxf5 exf5 26. Nc3 Nd5 27. Nxe4 Nxf4 0-1

[Event "TIPC 2005"]
[Site "Charleroi"]
[Date "2005.08.02"]
[Round "5"]
[White "Ringoir T"]
[Black "Counet J-M"]
[Result "1-0"]
[WhiteElo "1880"]
[BlackElo "2118"]
[PlyCount "37"]

1. e4 c5 2. Nc3 Nc6 3. g3 g6 4. Bg2 Bg7 5. d3 e6
6. Be3 Nge7 7. Qd2 Nd4 8. Nce2 d6 9. c3 Ndc6 10. Bh6 O-O 11. h4 f5 12. h5 Qe8
13. Bxg7 Kxg7 14. hxg6 Qxg6 15. Nf4 Qf7 16. Nf3 Rh8 17. Nh5+ Kg8 18. Qh6 Ng6
19. exf5 1-0

[Event "TIPC 2005"]
[Site "Charleroi"]
[Date "2005.08.02"]
[Round "5"]
[White "Hardy C"]
[Black "Vanderwaeren S"]
[Result "0-1"]
[WhiteElo "1612"]
[BlackElo "2299"]
[PlyCount "30"]

1. e4 Nf6 2. d3 c5 3. Nf3 Nc6 4. Nc3 d5 5. exd5
Nxd5 6. Bd2 e5 7. Be2 Be7 8. O-O O-O 9. Re1 Nc7 10. Ne4 Ne6 11. Be3 f5 12. Ng3
f4 13. Bxf4 Nxf4 14. Ne4 Bg4 15. h3 Nxe2+ 0-1

[Event "TIPC 2005"]
[Site "Charleroi"]
[Date "2005.08.02"]
[Round "5"]
[White "Uhoda P"]
[Black "Belva F"]
[Result "1-0"]
[WhiteElo "2195"]
[BlackElo "1855"]
[PlyCount "41"]

1. d4 g6 2. c4 Bg7 3. e4 d6 4. Nc3 c5 5. d5 Nf6
6. f4 Nbd7 7. Nf3 Ng4 8. h3 Ngf6 9. Bd3 h5 10. e5 Ng8 11. e6 Nb6 12. exf7+ Kxf7
13. Ng5+ Kf8 14. Bxg6 Nh6 15. Qd3 h4 16. f5 Be5 17. O-O Kg7 18. Ne6+ Bxe6 19.
fxe6 Rf8 20. Bxh6+ Kxh6 21. Bf7 1-0

[Event "TIPC 2005"]
[Site "Charleroi"]
[Date "2005.08.02"]
[Round "5"]
[White "Bréda P"]
[Black "Rogmans J"]
[Result "1-0"]
[WhiteElo "1150"]
[BlackElo "1761"]
[PlyCount "47"]

1. d4 d5 2. Nf3 Nc6 3. e3 Bg4 4. c4 Nf6 5. Nc3
e6 6. a3 g6 7. Qb3 Na5 8. Qa4+ c6 9. Ne5 Bf5 10. b4 Nxc4 11. Bxc4 dxc4 12. b5
Qd6 13. Nxc4 Qc7 14. Ne5 Rc8 15. Qxa7 Bg7 16. bxc6 bxc6 17. Qxc7 Rxc7 18. f3
Bc2 19. Ra2 Bb3 20. Rb2 Bd5 21. e4 Nxe4 22. fxe4 Bxe5 23. dxe5 Bc4 24. Rb8+ 1-0

[Event "TIPC 2005"]
[Site "Charleroi"]
[Date "2005.08.02"]
[Round "5"]
[White "Jassem P"]
[Black "Watelet S"]
[Result "1-0"]
[WhiteElo "1648"]
[BlackElo "1150"]
[PlyCount "113"]

1. e4 e5 2. Nf3 Nc6 3. d4 exd4 4. Nxd4 Nf6 5.
Nxc6 bxc6 6. e5 Ng8 7. Bc4 Bc5 8. Qf3 Qe7 9. O-O Nh6 10. Bxh6 gxh6 11. e6 fxe6
12. Qh5+ Qf7 13. Qxc5 Bb7 14. Re1 a6 15. Nd2 O-O-O 16. Qa7 d5 17. Bxa6 Bxa6 18.
Qxa6+ Kd7 19. Qd3 Rb8 20. Nf3 Kd6 21. Qa3+ c5 22. Qa6+ Rb6 23. Qe2 Qf6 24. c3
Rbb8 25. Qe5+ Qxe5 26. Nxe5 Rhf8 27. Re2 Rf5 28. Rae1 h5 29. Nf3 Re8 30. b4
cxb4 31. cxb4 h6 32. Nd4 Rf6 33. a4 e5 34. Nb5+ Kc6 35. Rc1+ Kb6 36. Nxc7 Rd8
37. Rxe5 Rfd6 38. a5+ Kb7 39. a6+ Kb6 40. a7 Kb7 41. a8=Q+ Rxa8 42. Nxa8 Kxa8
43. b5 h4 44. Rc6 Rd7 45. Rxh6 d4 46. Kf1 d3 47. Ke1 d2+ 48. Kd1 Kb7 49. Reh5
Kb8 50. Rh8+ Kb7 51. R8h7 Rxh7 52. Rxh7+ Kb6 53. Rh5 h3 54. Rxh3 Kxb5 55. Rd3
Kc4 56. Rxd2 Kc3 57. h4 1-0

[Event "TIPC 2005"]
[Site "Charleroi"]
[Date "2005.08.03"]
[Round "6"]
[White "Peeters S"]
[Black "Lorand B"]
[Result "1-0"]
[WhiteElo "1649"]
[BlackElo "1273"]
[PlyCount "43"]

1. d4 e6 2. Nf3 d5 3. Bf4 c5 4. e3 Nc6 5. Nc3
cxd4 6. Nb5 e5 7. Nxe5 Qa5+ 8. c3 a6 9. Nxc6 bxc6 10. Bc7 axb5 11. Bxa5 Rxa5
12. Qxd4 Nf6 13. Qe5+ Be7 14. Qc7 O-O 15. Qxa5 Bb7 16. Qc7 d4 17. exd4 Re8 18.
O-O-O Nd5 19. Qxb7 Bg5+ 20. Kc2 Nf6 21. Qxc6 b4 22. Bb5 1-0

[Event "TIPC 2005"]
[Site "Charleroi"]
[Date "2005.08.03"]
[Round "6"]
[White "Colilli L"]
[Black "Lefevre R"]
[Result "0-1"]
[WhiteElo "1328"]
[BlackElo "1680"]
[PlyCount "44"]

1. e4 e5 2. Nf3 Nc6 3. Bc4 Nf6 4. Nc3 d6 5. d3
Be7 6. O-O Bg4 7. Be3 Qd7 8. Re1 O-O 9. Nd5 Nxd5 10. Bxd5 Kh8 11. c3 f5 12.
exf5 Qxf5 13. Qd2 Bxf3 14. Bxf3 Rae8 15. Rad1 Rf6 16. Re2 a6 17. b3 Nd8 18. Qc1
c6 19. d4 e4 20. Bg5 exf3 21. Ree1 Qg4 22. g3 Qh3 0-1

[Event "TIPC 2005"]
[Site "Charleroi"]
[Date "2005.08.03"]
[Round "6"]
[White "Dejasse D"]
[Black "Vandenbruaene A"]
[Result "0-1"]
[WhiteElo "1378"]
[BlackElo "1641"]
[PlyCount "26"]

1. e4 b6 2. d4 Bb7 3. Nc3 e6 4. Bd3 Nf6 5. f3 c5
6. Be3 cxd4 7. Bxd4 Nc6 8. Be3 Bb4 9. Bd2 O-O 10. Nge2 d5 11. exd5 Nxd5 12.
Nxd5 Qxd5 13. Bxb4 Nxb4 0-1

[Event "TIPC 2005"]
[Site "Charleroi"]
[Date "2005.08.03"]
[Round "6"]
[White "Deprez D"]
[Black "Collart L"]
[Result "0-1"]
[WhiteElo "1710"]
[BlackElo "1483"]
[PlyCount "36"]

1. c4 e5 2. Nc3 Nf6 3. g3 d5 4. cxd5 Nxd5 5. Bg2
Be6 6. a3 Nc6 7. d3 Qd7 8. e3 O-O-O 9. Nge2 Nb6 10. Bxc6 Qxc6 11. e4 Qd7 12. f4
Bg4 13. Be3 exf4 14. gxf4 Qxd3 15. Qxd3 Rxd3 16. Kf2 Nc4 17. Nd1 Nxe3 18. Nxe3
Bc5 0-1

[Event "TIPC 2005"]
[Site "Charleroi"]
[Date "2005.08.03"]
[Round "6"]
[White "Belva F"]
[Black "Rogmans J"]
[Result "0-1"]
[WhiteElo "1855"]
[BlackElo "1761"]
[PlyCount "46"]

1. Nf3 d5 2. g3 Nf6 3. Bg2 Bf5 4. O-O Nc6 5. d3
e6 6. Nbd2 Be7 7. h3 h5 8. Nh4 Bh7 9. c4 g5 10. Nhf3 g4 11. Ng5 gxh3 12. Bxh3
Ng4 13. cxd5 Qxd5 14. Nde4 Bxe4 15. Nxe4 O-O-O 16. Bf4 Rdg8 17. Qa4 h4 18. Nc3
Qh5 19. Nb5 hxg3 20. Nxa7+ Nxa7 21. Qxa7 Qxh3 22. Qa8+ Kd7 23. Qa4+ c6 0-1

[Event "TIPC 2005"]
[Site "Charleroi"]
[Date "2005.08.03"]
[Round "6"]
[White "Detraux D"]
[Black "Dewinck B"]
[Result "0-1"]
[WhiteElo "1573"]
[BlackElo "1754"]
[PlyCount "47"]

1. e4 e5 2. f4 exf4 3. Bc4 d6 4. Nf3 g5 5. h4
Be7 6. hxg5 Bxg5 7. d4 Bg4 8. Qd3 f6 9. g3 fxg3 10. Nxg5 fxg5 11. Qxg3 h5 12.
Qxg4 hxg4 13. Rxh8 Qe7 14. Rxg8+ Kd7 15. Nc3 Qh7 16. Bxg5 Qh1+ 17. Bf1 g3 18.
O-O-O g2 19. Bxg2 Qxg2 20. Rg7+ Ke8 21. Nd5 Kf8 22. Bh6 Qh3 23. Rh7+ Kg8 24.
Nf6# 1-0

[Event "TIPC 2005"]
[Site "Charleroi"]
[Date "2005.08.03"]
[Round "6"]
[White "Burnay G"]
[Black "Cuypers T"]
[Result "1-0"]
[WhiteElo "1941"]
[BlackElo "1565"]
[PlyCount "30"]

1. d4 d5 2. c4 e5 3. dxe5 d4 4. Nf3 Nc6 5. g3
Bb4+ 6. Bd2 Qe7 7. Bg2 Nxe5 8. Nxd4 Nd3+ 9. Kf1 Nxf2 10. Qa4+ Bd7 11. Qxb4 c5
12. Qxb7 Rd8 13. Nf3 Qf6 14. Bc3 Qf5 15. Ke1 Bc8 {Notation incorrecte !} 1-0

[Event "TIPC 2005"]
[Site "Charleroi"]
[Date "2005.08.03"]
[Round "6"]
[White "Pacolet F"]
[Black "Delmont J-R"]
[Result "1/2-1/2"]
[WhiteElo "1920"]
[BlackElo "2040"]
[PlyCount "59"]

1. d4 c5 2. d5 d6 3. c4 e5 4. Nc3 f5 5. e4 Nf6
6. f3 Be7 7. Be3 O-O 8. Bd3 fxe4 9. Nxe4 Nxe4 10. Bxe4 Bg5 11. Qd3 Bxe3 12.
Qxe3 Bf5 13. Ne2 Bxe4 14. fxe4 Qh4+ 15. g3 Qg4 16. Rf1 Nd7 17. Kd2 Qh3 18. Qg1
Nf6 19. Nc3 Ng4 20. Nb5 Nxh2 21. Rxf8+ Rxf8 22. Kc2 Nf3 23. Qh1 Qxg3 24. Rf1
Nd4+ 25. Nxd4 Rf2+ 26. Rxf2 Qxf2+ 27. Kb3 Qxd4 28. Qh3 Qf2 29. Qe6+ Qf7 30.
Qxd6 {(=)} 1/2-1/2

[Event "TIPC 2005"]
[Site "Charleroi"]
[Date "2005.08.03"]
[Round "6"]
[White "Kocur M"]
[Black "Charlier B"]
[Result "1-0"]
[WhiteElo "1842"]
[BlackElo "1609"]
[PlyCount "45"]

1. e4 c5 2. g3 d5 3. exd5 Qxd5 4. Nf3 Bg4 5. Bg2
Qe6+ 6. Kf1 Nc6 7. h3 Bh5 8. g4 Bg6 9. d3 Qd7 10. Bf4 e6 11. Nc3 Bd6 12. Qd2
O-O-O 13. Bxd6 Qxd6 14. Nb5 Qd7 15. Qc3 Qe7 16. b4 a6 17. a4 cxb4 18. Na7+ Kb8
19. Nxc6+ bxc6 20. Rb1 Kc7 21. Qc4 e5 22. Nxe5 Qxe5 23. Qxc6+ 1-0

[Event "TIPC 2005"]
[Site "Charleroi"]
[Date "2005.08.03"]
[Round "6"]
[White "Culot M"]
[Black "Vander Zwalmen"]
[Result "0-1"]
[WhiteElo "1186"]
[BlackElo "1574"]
[PlyCount "49"]

1. c4 Nf6 2. Nc3 g6 3. e4 d6 4. g3 Bg7 5. Bg2 e5
6. Nge2 Nc6 7. d3 O-O 8. O-O Be6 9. f4 exf4 10. Bxf4 Nh5 11. Qd2 Nxf4 12. Nxf4
Bd7 13. Nfd5 Ne5 14. Ne3 Be6 15. b3 Nc6 16. Rad1 Nd4 17. Kh1 c6 18. Ne2 Qb6 19.
Nxd4 Bxd4 20. Nc2 Bg7 21. Qe3 Qa5 22. a4 Qc3 23. Na1 Qa5 24. Rb1 Rad8 25. b4
0-1

[Event "TIPC 2005"]
[Site "Charleroi"]
[Date "2005.08.03"]
[Round "6"]
[White "Deboulle M"]
[Black "Burel G"]
[Result "0-1"]
[WhiteElo "1737"]
[BlackElo "1490"]
[PlyCount "54"]

1. e4 c5 2. c3 e6 3. d4 d5 4. exd5 exd5 5. dxc5
Bxc5 6. Nf3 Bg4 7. Be2 Nf6 8. Bg5 O-O 9. O-O Nc6 10. Bxf6 Qxf6 11. Qxd5 Bb6 12.
Nbd2 Rad8 13. Qb5 Rfe8 14. Bd3 Ne5 15. Nxe5 Rxe5 16. Ne4 Qe7 17. Qc4 Be6 18.
Qa4 Rxd3 19. Rae1 Bd7 20. Qc4 Bb5 21. Qxb5 Rxb5 22. Nf6+ Kf8 23. Nxh7+ Ke8 24.
Rxe7+ Kxe7 25. Re1+ Kd6 26. Kf1 Rxb2 27. Ng5 Rxf2+ 0-1

[Event "TIPC 2005"]
[Site "Charleroi"]
[Date "2005.08.03"]
[Round "6"]
[White "Charlier L"]
[Black "Russo B"]
[Result "1-0"]
[WhiteElo "1704"]
[BlackElo "1867"]
[PlyCount "50"]

1. d4 Nf6 2. Nc3 d5 3. Bg5 e6 4. Nf3 Be7 5. Bxf6
Bxf6 6. e4 c5 7. e5 Be7 8. Qd2 Nc6 9. Bb5 Bd7 10. Bxc6 bxc6 11. dxc5 Bxc5 12.
Ne2 Rb8 13. c3 Qb6 14. O-O Qxb2 15. Qxb2 Rxb2 16. Rfb1 Rxb1+ 17. Rxb1 Bb6 18.
a4 O-O 19. a5 Bxa5 20. Rb7 Bc8 21. Rxa7 Bb6 22. Ra2 c5 23. Rb2 Bb7 24. h4 h6
25. g4 Rd8 {La suite est confuse !} 1-0

[Event "TIPC 2005"]
[Site "Charleroi"]
[Date "2005.08.03"]
[Round "6"]
[White "Laurent B"]
[Black "Mattheys E"]
[Result "1-0"]
[WhiteElo "2328"]
[BlackElo "1900"]
[PlyCount "51"]

1. e4 e6 2. d4 d5 3. Nc3 Nf6 4. e5 Nfd7 5. f4 c5
6. Nf3 Nc6 7. Be3 cxd4 8. Nxd4 Nxd4 9. Bxd4 a6 10. Qd2 Bc5 11. O-O-O b5 12. g4
Bxd4 13. Qxd4 Qb6 14. Qxb6 Nxb6 15. Bd3 Bb7 16. Ne2 Nc4 17. Nd4 h5 18. gxh5
Rxh5 19. b3 Ne3 20. Rdg1 Kf8 21. Rg3 Nf5 22. Bxf5 exf5 23. Rhg1 Rh7 24. Nxf5 g6
25. Nd6 Bc8 26. f5 1-0

[Event "TIPC 2005"]
[Site "Charleroi"]
[Date "2005.08.03"]
[Round "6"]
[White "Gouliev N"]
[Black "Vandevoort P"]
[Result "1-0"]
[WhiteElo "2555"]
[BlackElo "2414"]
[PlyCount "41"]

1. e4 c5 2. Nf3 Nc6 3. d4 cxd4 4. Nxd4 Nf6 5.
Nc3 e5 6. Ndb5 d6 7. Bg5 a6 8. Na3 b5 9. Bxf6 gxf6 10. Nd5 f5 11. Bd3 Be6 12.
O-O f4 13. c4 b4 14. Nc2 a5 15. Ne1 Rg8 16. Bc2 Rc8 17. Ba4 Qg5 18. a3 Kd8 19.
Bxc6 Rxc6 20. axb4 Rxc4 21. Rxa5 1-0

[Event "TIPC 2005"]
[Site "Charleroi"]
[Date "2005.08.03"]
[Round "6"]
[White "Glibert S"]
[Black "Cottenier C"]
[Result "1-0"]
[WhiteElo "1827"]
[BlackElo "1648"]
[PlyCount "51"]

1. e4 e6 2. Nc3 d5 3. d4 Nf6 4. Bg5 dxe4 5. Nxe4
Be7 6. Bxf6 Bxf6 7. Nf3 Be7 8. Bd3 Nd7 9. O-O h6 10. c3 O-O 11. Qc2 Nf6 12.
Rad1 Nd5 13. Rfe1 a6 14. Ne5 Bd7 15. Bf1 Qc8 16. c4 Nf6 17. Re3 Nxe4 18. Qxe4
f5 19. Qf3 Be8 20. d5 g5 21. dxe6 Rf6 22. Nd7 Kg7 23. Nxf6 Kxf6 24. Bd3 Bg6 25.
Bxf5 Bxf5 26. g4 1-0